Diccionario de la música: española e hispanoamericana
Furkejuvvon:
| Váldodahkki: | |
|---|---|
| Materiálatiipa: | Girji |
| Giella: | espánnjágiella |
| Almmustuhtton: |
Barcelona
Sociedad General de Autores y Editores
1999
|
| Fáttát: | |
| Liŋkkat: | Disponible Online - pp. 290-293 / 320-326 / 491-493 / 622-645 / 721-724 |
| Fáddágilkorat: |
Lasit fáddágilkoriid
Eai fáddágilkorat, Lasit vuosttaš fáddágilkora!
|
MARC
| LEADER | 00000nam a2200000 a 4500 | ||
|---|---|---|---|
| 001 | UCN4482 | ||
| 003 | CL-VaPUC | ||
| 005 | 20210813160319.0 | ||
| 008 | 010803e19990000sp |||||||||||||||||spa|d | ||
| 999 | |c 296719 |d 296717 | ||
| 040 | |c Pontificia Universidad Católica de Valparaíso | ||
| 082 | 0 | 4 | |a 780.3 |b CAS |2 21 |
| 100 | 0 | |a Casares Rodicio, Emilio |e author |9 460949 | |
| 245 | 1 | 0 | |a Diccionario de la música: española e hispanoamericana |
| 260 | |a Barcelona |b Sociedad General de Autores y Editores |c 1999 | ||
| 300 | |a 7 v | ||
| 505 | |a v.1: Abad - Azzali v.2: Baa - Cancio v.3: Canción - Corell v.4: Corella - Fattoruso v.5: Faura - Guataca v.6: Guatemala - Lysy v.7: Maaning - Ñuwiñ-ül | ||
| 583 | |a last modification |c 20171213 02:34:43 |k Rodrigo Vera | ||
| 650 | 0 | |a Música |9 306770 |x Diccionarios | |
| 650 | 0 | |a Musicología |9 306520 | |
| 650 | 0 | |a Teoría musical |9 265760 | |
| 650 | 0 | |a Música española |2 CL-VaPUC |9 306755 | |
| 650 | 7 | |a Música hispanoamericana |2 CL-VaPUC |9 460951 | |
| 856 | |u http://bibliografiadigital.pucv.cl.pucv.idm.oclc.org/index.php/bibliotecapucv/catalog/book/649 |y Disponible Online - pp. 290-293 / 320-326 / 491-493 / 622-645 / 721-724 | ||
| 942 | |c BK |2 ddc | ||
| 945 | |d 20010803 00:00:00 |a cmena | ||
| 952 | |0 0 |1 0 |4 0 |6 780_300000000000000_CAS_1999 |7 0 |8 F |9 350794 |a BIBEDU |b BIBEDU |d 2019-11-20 |h v.1 |i 3744019 |l 1 |o 780.3 CAS 1999 |p 3744019 |r 2023-01-12 |s 2022-08-08 |w 2019-11-20 |y BK_F |k MUS | ||
| 952 | |0 0 |1 0 |4 0 |6 780_300000000000000_CAS_1999 |7 0 |8 F |9 350795 |a BIBEDU |b BIBEDU |d 2019-11-20 |h v.2 |i 3744027 |l 1 |o 780.3 CAS 1999 |p 3744027 |r 2023-01-12 |s 2022-08-08 |w 2019-11-20 |y BK_F |k MUS | ||
| 952 | |0 0 |1 0 |4 0 |6 780_300000000000000_CAS_1999 |7 0 |8 F |9 350796 |a BIBEDU |b BIBEDU |d 2019-11-20 |h v.3 |i 3744035 |l 3 |o 780.3 CAS 1999 |p 3744035 |r 2024-05-08 |s 2023-09-04 |w 2019-11-20 |y BK_F |k MUS | ||
| 952 | |0 0 |1 0 |4 0 |6 780_300000000000000_CAS_1999 |7 0 |8 F |9 350797 |a BIBEDU |b BIBEDU |d 2019-11-20 |h v.4 |i 3744043 |l 2 |o 780.3 CAS 1999 |p 3744043 |r 2024-06-12 |s 2024-06-12 |w 2019-11-20 |y BK_F |k MUS | ||
| 952 | |0 0 |1 0 |4 0 |6 780_300000000000000_CAS_1999 |7 0 |8 F |9 350798 |a BIBEDU |b BIBEDU |d 2019-11-20 |h v.5 |i 3744051 |o 780.3 CAS 1999 |p 3744051 |r 2023-01-12 |w 2019-11-20 |y BK_F |k MUS | ||
| 952 | |0 0 |1 0 |4 0 |6 780_300000000000000_CAS_1999 |7 0 |8 F |9 350799 |a BIBEDU |b BIBEDU |d 2019-11-20 |h v.6 |i 374406K |o 780.3 CAS 1999 |p 374406K |r 2023-01-12 |w 2019-11-20 |y BK_F |k MUS | ||
| 952 | |0 0 |1 0 |4 0 |6 780_300000000000000_CAS_1999 |7 0 |8 F |9 350800 |a BIBEDU |b BIBEDU |d 2019-11-20 |h v.7 |i 3744078 |l 4 |o 780.3 CAS 1999 |p 3744078 |r 2024-06-12 |s 2024-06-12 |w 2019-11-20 |y BK_F |k MUS | ||
| 952 | |0 0 |1 0 |4 0 |6 780_300000000000000_CAS_1999 |7 0 |8 F |9 350801 |a BIBEDU |b BIBEDU |d 2019-11-20 |h v.8 |i 4384709 |l 2 |o 780.3 CAS 1999 |p 4384709 |r 2024-06-12 |s 2024-06-12 |w 2019-11-20 |y BK_F |k MUS | ||
| 952 | |0 0 |1 0 |4 0 |6 780_300000000000000_CAS_1999 |7 0 |8 F |9 350802 |a BIBEDU |b BIBEDU |d 2019-11-20 |h v.9 |i 4384717 |l 1 |o 780.3 CAS 1999 |p 4384717 |r 2024-05-08 |s 2022-08-08 |w 2019-11-20 |y BK_F |k MUS | ||
| 952 | |0 0 |1 0 |4 0 |6 780_300000000000000_CAS_1999 |7 0 |8 F |9 350803 |a BIBEDU |b BIBEDU |d 2019-11-20 |h v.10 |i 4384725 |l 2 |o 780.3 CAS 1999 |p 4384725 |r 2024-06-12 |s 2024-06-12 |w 2019-11-20 |y BK_F |k MUS | ||